<?xml version="1.0" encoding="UTF-8"?>
<record
    xmlns:xsi="http://www.w3.org/2001/XMLSchema-instance"
    xsi:schemaLocation="http://www.loc.gov/MARC21/slim http://www.loc.gov/standards/marcxml/schema/MARC21slim.xsd"
    xmlns="http://www.loc.gov/MARC21/slim">

  <leader>01702nam a22001577a 4500</leader>
  <controlfield tag="003">OSt</controlfield>
  <controlfield tag="005">20260429101221.0</controlfield>
  <controlfield tag="008">260429b        |||||||| |||| 00| 0 SPAd</controlfield>
  <datafield tag="100" ind1=" " ind2=" ">
    <subfield code="a">ROBERT FISHER</subfield>
  </datafield>
  <datafield tag="245" ind1=" " ind2=" ">
    <subfield code="a">EL Caballero de la  Armadura Oxidada</subfield>
  </datafield>
  <datafield tag="250" ind1=" " ind2=" ">
    <subfield code="a">1ra</subfield>
  </datafield>
  <datafield tag="300" ind1=" " ind2=" ">
    <subfield code="a">89 pag </subfield>
  </datafield>
  <datafield tag="500" ind1=" " ind2=" ">
    <subfield code="a">,</subfield>
  </datafield>
  <datafield tag="520" ind1=" " ind2=" ">
    <subfield code="a">EL DILEMA DEL CABALLERO
Hace ya mucho tiempo, en una tierra muy lejana, viv&#xED;a un caballero que pensaba que era bueno, generoso y amoroso. Hac&#xED;a todo lo que suelen hacer los caballeros buenos, generosos y amorosos. Luchaba contra sus enemigos, que eran malos, mezquinos y odiosos. Mataba dragones y rescataba damiselas en apuros. Cuando en el asunto de la caballer&#xED;a hab&#xED;a crisis, ten&#xED;a la mala costumbre de rescatar damiselas incluso cuando ellas no deseaban ser rescatadas y, debido a esto, aunque muchas damas le estaban agradecidas, otras tantas se mostraban furiosas con el caballero. &#xC9;l lo aceptaba con filosof&#xED;a. Despu&#xE9;s de todo, no se puede contentar a todo el mundo.
Nuestro caballero era famoso por su armadura. Reflejaba unos rayos de luz tan brillantes que la gente del pueblo juraba haber visto el sol salir en el norte o ponerse en el este cuando el caballero part&#xED;a a la batalla. Y part&#xED;a a la batalla con bastante frecuencia. Ante la mera menci&#xF3;n de una cruzada, el caballero se pon&#xED;a la armadura entusiasmado, montaba su caballo y cabalgaba en cualquier direcci&#xF3;n. Su entusiasmo era tal que a veces part&#xED;a en varias direcciones a la vez, lo cual no es nada f&#xE1;cil.
Durante a&#xF1;os, el caballero se esforz&#xF3; en ser el n&#xFA;mero uno del reino. Siempre hab&#xED;a otra batalla que ganar, otro drag&#xF3;n que matar u otra damisela que rescatar.</subfield>
  </datafield>
  <datafield tag="942" ind1=" " ind2=" ">
    <subfield code="2">ddc</subfield>
    <subfield code="c">BKA</subfield>
    <subfield code="n">0</subfield>
  </datafield>
  <datafield tag="952" ind1=" " ind2=" ">
    <subfield code="0">0</subfield>
    <subfield code="1">0</subfield>
    <subfield code="2">ddc</subfield>
    <subfield code="4">0</subfield>
    <subfield code="7">0</subfield>
    <subfield code="8">F02</subfield>
    <subfield code="a">ISUS</subfield>
    <subfield code="b">ISUS</subfield>
    <subfield code="c">Biblioteca Abierta</subfield>
    <subfield code="d">2026-04-29</subfield>
    <subfield code="e">LECTURA</subfield>
    <subfield code="f">0504</subfield>
    <subfield code="i">0504</subfield>
    <subfield code="l">0</subfield>
    <subfield code="o">Literatura</subfield>
    <subfield code="p">BIBLIO0504</subfield>
    <subfield code="r">2026-04-29 10:13:07</subfield>
    <subfield code="t">1</subfield>
    <subfield code="w">2026-04-29</subfield>
    <subfield code="y">BKA</subfield>
  </datafield>
  <datafield tag="999" ind1=" " ind2=" ">
    <subfield code="c">2085</subfield>
    <subfield code="d">2085</subfield>
  </datafield>
</record>
